Score 0/23 Timer 03:00
2 Plays Today
% Correct
Mexico City
92.2%
Ottawa
88.9%
Washington, D.C.
88.9%
Havana
88.4%
Panama City
88.4%
Port-au-Prince
87%
Guatemala City
86.7%
San Salvador
84%
Kingston
83.3%
Santo Domingo
79.2%
Nassau
78.2%
Bridgetown
75.7%
% Correct
San Jose
74.3%
Port of Spain
70%
Managua
66%
St. John's
64.3%
St. George's
64.2%
Tegucigalpa
61.3%
Belmopan
57.2%
Basseterre
54.6%
Kingstown
54.2%
Castries
46.9%
Roseau
44.3%
Remove Ads.
Support Sporcle.
Get the best of Sporcle when you Go Orange. This ad-free experience offers more features, more stats, and more fun while also helping to support Sporcle. Thank you for becoming a member.

You're not logged in!

Compare scores with friends on all Sporcle quizzes.
OR
Log In

Show Comments

Extras

Top Quizzes Today


Score Distribution

Your Account Isn't Verified!

In order to create a playlist on Sporcle, you need to verify the email address you used during registration. Go to your Sporcle Settings to finish the process.

Report this User

Report this user for behavior that violates our Community Guidelines.

Details: